• 首页
  • 本馆介绍
  • 公告通知
  • 最新文献
  • 馆藏检索
  • 电子资源
  • 读者导购
  • 参考咨询
  • 我的图书馆
  • 登录
  • 详细信息显示
  • 放入我的书架
  • 预约/预借图书
  • 作者相关作品
  • 分类相关作品
  • 丛书相关作品
  • 出版社相关作品

书目信息

  • 表格格式
  • 工作单格式
  • 卡片格式
题名:
福利经济学
    
 
作者: 庇古 著 ;朱泱 , 张胜纪 , 吴良健 译
分册: 上卷  
出版信息: 北京   商务印书馆  2006
页数: 425页
开本: 21cm
丛书名: 汉译世界学术名著丛书
单 册:
中图分类: F061.4
科图分类:
主题词: 福利经济学
电子资源:
ISBN: 7-100-04674-2
000 01065oam2 2200313 450
001 003324592
005 20070805164555.70
010    @a7-100-04674-2@dCNY47.00(上下卷)
100    @a20061218d2006 em y0chiy0110 ea
101 1  @achi@ceng
102    @aCN@b110000
105    @ay z 000yy
200 1  @a福利经济学@9fu li jing ji xue@h上卷@f(英)A. C. 庇古(A. C. Pigou)著@g朱泱,张胜纪,吴良健译
210    @a北京@c商务印书馆@d2006
215    @a425页@d21cm
225 2  @a汉译世界学术名著丛书
305    @a据麦克米兰公司1932年版译出
312    @a英文原名:The economics of welfare
330    @a本书包括福利与国民所得、国民所得的数量和资源在不同用途间的分配两编内容。
461  0 @12001 @a汉译世界学术名著丛书
510 1  @aEconomics of welfare@zeng
606 0  @a福利经济学
690    @aF061.4@v4
701  0 @c(英)@a庇古@9bi gu@c(Pigou,Arthur Gecil@f1877~1959)@4著
702  0 @a朱泱@9zhu yang@4译
702  0 @a张胜纪@9zhang sheng ji@c(经济学)@4译
702  0 @a吴良健@9wu liang jian@4译
801  0 @aCN@bNLC@c20070805
905    @a10447@dF061.4@e87:1
    
    福利经济学.上卷/(英)A. C. 庇古(A. C. Pigou)著/朱泱,张胜纪,吴良健译.-北京:商务印书馆,2006
    425页;21cm.-(汉译世界学术名著丛书)
    
    
    ISBN 7-100-04674-2:CNY47.00(上下卷)
    本书包括福利与国民所得、国民所得的数量和资源在不同用途间的分配两编内容。
●
相关链接 在E读中查询图书 在五车中查询图书 在当当中查询图书 在豆瓣中查询图书


正题名:福利经济学     索取号:F061.4/87:1         预约/预借

序号 登录号 条形码 馆藏地/架位号 状态 备注
1 0809296   208092963   第一样本阅览室/ [索取号:F061.4/87:1] 在馆    
2 0809297   208092972   第一借阅区/ [索取号:F061.4/87:1] 在馆    
3 0809298   208092981   第一借阅区/ [索取号:F061.4/87:1] 在馆    
4 0809299   208092990   第一借阅区/ [索取号:F061.4/87:1] 在馆    
5 0809300   208093007   第一借阅区/ [索取号:F061.4/87:1] 在馆    
6 0809301   208093016   第一借阅区/ [索取号:F061.4/87:1] 在馆    
唐山师范学院图书馆 欢迎您!
大连网信软件有限公司© 版权所有